| 000 | 00429nam a2200181Ia 4500 | ||
|---|---|---|---|
| 001 | 5085 | ||
| 005 | 20260306145842.0 | ||
| 008 | 260306t2001||||xx |||||||||||||| ||spa|| | ||
| 041 | _aESP | ||
| 082 |
_a332.678 _bS26E |
||
| 100 |
_aSapag Chain, Nassir _eAUT |
||
| 245 | 0 | _aEvaluación de proyectos de inversión en la empresa | |
| 260 | _c2001 | ||
| 300 |
_a _c |
||
| 650 | _aGEN | ||
| 654 | _aCAN | ||
| 942 |
_cLIB _dJUS _fJUS _2ddc _n |
||
| 999 |
_c5085 _d5085 |
||